00665 am a2200241 x 45000010008000000030004000080050017000120080041000290150013000700200015000830200018000980400008001160820016001241000032001402450096001722600024002683000017002923500011003095040019003205110035003396500021003747000028003952175374OSt20200421093818.0740607s1974 enk w 0011p eng b aB7414332 a057110594700a0571101828cv cxxx00a811/.5221910aLowell, Robert,d1917-1977.00aRobert Lowell's poemsba selectioncedited with an introduction and notes by Jonathan Raban aLondonbFaberc1974 a3-192pc21cm00a£3.2500aIncludes index00aISBN 0-571-10182-8 Pbk: £1.10 0aAmerican poetry.11aRaban, Jonathan,d1942-